1987 1815 1828 1298 1917 1767 1300 1505 1203 1369 1838 1397 1491 1614 1509 1230 1419 1124 1088 1177 1048 1306 1052 1419 1735 1209 1225 1377 1414 1815 1909 1418 1089 1575 1965 1183 1696 1361 1300 1004 1568 1608 1821 1510 1976 1157 1370 1211 1117 1638 1538 1094 1311 1982 1236 1647 1199 1599 1239 1254 1434 1097 1988 1263 1094 1186 1724 1867 1737 1646 1833 1778 1547 1051 1485 1000 1718 1723 1406 1810 1889 1134 1276 1647 1848 1987 1586 1714 1139 1919 1070 1544 1017 1494 1253 1925 1300 1754 1059 BCNSPRNW ULIB Ver.6.0+V

เปลี่ยนเป็นภาษาไทย

Change to English
 แสดงรายละเอียดบรรณานุกรม
  กลับหน้าหลัก

Brief Record : Get Marc (ISO 2709) : E-mail record : QR code < ปิดหน้าต่าง
LEADER : 00000nam 2200000uu 4500
001    13399121650
003     ULIB
008    121128s2549||||th 000 0 tha d
020    ^a9746057456
020    ^a9789746057455
060 04 ^aWS200^bส236ก
245 00 ^aกุมารเวชศาสตร์ผู้ป่วยนอก /^cสมจิตร์ จารุรัตนศิริกุล, มาลัยว่องชาญชัยเลิศ, บรรณาธิการ
250    ^aพิมพ์ครั้งที่ 2
260    ^aสงขลา :^bหน่วยผลิตตำราคณะแพทยศาสตร์มหาวิทยาลัยสงขลานครินทร์,^c2549
300    ^a 540 หน้า :^bภาพประกอบ ;^c30 ซ.ม
504    ^aมีดัชนี
650  7 ^aกุมารเวชศาสตร์
650  7 ^aผู้ป่วยเด็ก
700 0  ^aสมจิตร์ จารุรัตนศิริกุล,^eบรรณาธิการ
700 0  ^aมาลัย ว่องชาญชัยเลิศ,^eบรรณาธิการ
710 2  ^aมหาวิทยาลัยสงขลานครินทร์. ^bคณะแพทยศาสตร์.
945    ^p480^l0^i14065
995    ^aวิภา
999 ^a ใช้งานได้ทุกระบบ
รายการนี้ยังไม่มีแท็ก
คุณยังไม่ได้ล็อกอิน คุณสามารถมีกิจกรรมร่วมกับเว็บไซต์ได้ แต่ต้องล็อกอินก่อน ::
  ล็อกอิน

รายการสื่อสารสนเทศ

ลำดับที่ ประเภท เลขเรียก/บาร์โค้ด สถานที่ สถานะ
1. วิทยาศาสตร์การแพทย์ และสุขภาพ
วิทยาศาสตร์การแพทย์ และสุขภาพ
WS200 ส236ก  
  Barcode: 14065
ห้องสมุดวิทยาเขตสวรรค์ประชารักษ์
►หนังสือทั่วไป
บนชั้น

รายการใกล้เคียง
    หัวเรื่อง [กุมารเวชศาสตร์]
    หัวเรื่อง [ผู้ป่วยเด็ก]

BibComment


ยังไม่เคยถูกคอมเมนท์

คอมเมนท์ทรัพยากรรายการนี้
  คอมเมนท์: กุมารเวชศาสตร์ผู..


 Copyright 2026. Bcnsprnw @Library